Solares y casas de la villa de San Felipe el Real

Gardado en:
Detalles Bibliográficos
Autor Principal: Espejo Tapia, Juan Luis (Author)
Formato: Libro
Idioma:Lingua castelá
Publicado: Santiago Universitaria 1988
Series:Serie Nuevo Mundo: Cinco siglos, 2
Subjects:
Tags: Engadir etiqueta
Sen Etiquetas, Sexa o primeiro en etiquetar este rexistro!

MARC

LEADER 00000cam a2200000 a 4500
001 UCX0343
003 CL-VaPUC
008 891002e19880000CL |||||||||||||||||spa|d
082 0 4 |a 983.245  |b ESP  |2 21 
100 0 |a Espejo Tapia, Juan Luis  |e author  |9 315728 
245 1 0 |a Solares y casas de la villa de San Felipe el Real 
300 |a 103 p 
942 |c BK 
945 |d 19891002 00:00:00 
260 |a Santiago  |b Universitaria  |c 1988 
651 0 |a San Felipe  |9 265146 
583 |a last modification  |c 20150407 10:34:03  |k Rodrigo Vera 
490 0 |a Serie Nuevo Mundo: Cinco siglos, 2 
999 |c 221968  |d 221966 
952 |0 0  |1 0  |4 0  |6 983_245000000000000_ESP_1988  |7 0  |8 A  |9 216084  |a BIBHIS  |b BIBHIS  |d 2019-11-15  |i 2846675  |o 983.245 ESP 1988  |p 2846675  |r 2025-01-20  |w 2019-11-15  |y BK  |k HIS 
952 |0 0  |1 0  |4 0  |6 983_245000000000000_ESP_1988  |7 0  |8 A  |9 216085  |a BIBHIS  |b BIBHIS  |d 2019-11-15  |i 2846683  |o 983.245 ESP 1988  |p 2846683  |r 2025-01-20  |w 2019-11-15  |y BK  |k HIS 
952 |0 0  |1 0  |4 0  |6 983_245000000000000_ESP_1988  |7 0  |8 A  |9 216086  |a BIBHIS  |b BIBHIS  |d 2019-11-15  |i 1257544  |o 983.245 ESP 1988  |p 1257544  |r 2025-01-20  |w 2019-11-15  |y BK  |k HIS 
952 |0 0  |1 0  |3 erb  |4 0  |6 983_245000000000000_ESP_1988  |7 0  |8 A  |9 216087  |a BIBARQ  |b BIBARQ  |i 5145252  |o 983.245 ESP 1988  |p 5145252  |r 2025-01-20  |w 2019-11-15  |y BK  |z Catalogado en:20150409  |k ARQ